000 00374nam a2200145Ia 4500
008 230711s9999||||xx |||||||||||||| ||und||
041 _aENG
082 _a620
_bAN-W
100 _aAnderson,Edwin P
245 0 _aWorkshop and tool handbook
250 _a1st
260 _c1976
_aBombay
_bD. B. Taraporevala Sons & Co. Pvt.Ltd
650 _aMechanical Engineering
942 _cBK
999 _c1149
_d1149